|
|
|
|
| LEADER |
00000nab a2200000uu 4500 |
| 001 |
vtls011530607 |
| 003 |
SK-MaSNL |
| 005 |
20260225175922.0 |
| 008 |
221107|1896 xo |||||||||||||||||slo| |
| 015 |
|
|
|a SNBRB
|
| 035 |
|
|
|a (urnnbn)urn:nbn:sk:snk:ar-a08zqz
|
| 035 |
|
|
|a (uuid)5be1d199-e163-42b6-bc99-015c45291e46
|
| 035 |
|
|
|a urn:nbn:sk:snk-abegq5
|
| 040 |
|
|
|a SNKBUCL
|b slo
|c SNKBUCL
|e AACR2
|
| 041 |
0 |
|
|a slo
|
| 044 |
|
|
|a xo
|c SK
|
| 245 |
0 |
0 |
|a Príspevok k dejinám bohoslužby cirkví evanjelických aug. vyz. slovenských
|
| 773 |
0 |
|
|t Cirkevné listy : časopis venovaný záujmom cirkve evanjelickej a. v.
|g Roč. 10, č. 1 (1896), s. 7-10
|
| 958 |
|
|
|a ONDV
|
| 958 |
|
|
|a article21
|
| 999 |
|
|
|c 1835421
|d 1837351
|